[Event "WCO2014"]
[Site "Tromso"]
[Date "2014.08.03"]
[Round "2.28"]
[WhiteID "8700478"]
[White "Mwango Lorita"]
[BlackID "9905049"]
[Black "Chandrasiri S A K"]
[Result "0-1"]
[LiveChessVersion "1.4.3"]
[BlackElo "1777"]
[WhiteElo "1874"]

1. c4 {[%clk 1:30:54]} Nf6 {[%clk 1:30:07]} 2. Nc3 {[%clk 1:31:16]} e6
{[%clk 1:29:39]} 3. d4 {[%clk 1:31:21]} Bb4 {[%clk 1:29:41]} 4. Nf3
{[%clk 1:31:25]} O-O {[%clk 1:30:00]} 5. e3 {[%clk 1:31:32]} d5 {[%clk 1:29:54]}
6. Qc2 {[%clk 1:31:20]} c6 {[%clk 1:28:30]} 7. cxd5 {[%clk 1:29:38]} exd5
{[%clk 1:28:50]} 8. Bd3 {[%clk 1:29:45]} Re8 {[%clk 1:28:28]} 9. O-O
{[%clk 1:29:50]} Nbd7 {[%clk 1:26:37]} 10. a3 {[%clk 1:27:39]} Bd6
{[%clk 1:26:11]} 11. Ne2 {[%clk 1:26:31]} Ne4 {[%clk 1:22:05]} 12. Ng3
{[%clk 1:25:56]} Ndf6 {[%clk 1:22:20]} 13. b4 {[%clk 1:25:31]} h5
{[%clk 1:19:34]} 14. Bb2 {[%clk 1:22:13]} Qc7 {[%clk 1:12:09]} 15. Ne5
{[%clk 1:18:23]} Nxg3 {[%clk 1:10:37]} 16. hxg3 {[%clk 1:18:30]} Bxe5
{[%clk 1:10:53]} 17. dxe5 {[%clk 1:18:38]} Ng4 {[%clk 1:11:19]} 18. Be2
{[%clk 1:18:21]} Nxe5 {[%clk 1:05:24]} 19. Bxh5 {[%clk 1:18:19]} Nc4
{[%clk 1:05:08]} 20. Bd4 {[%clk 1:16:01]} Qd8 {[%clk 1:00:46]} 21. Be2
{[%clk 1:14:01]} Nd6 {[%clk 1:00:40]} 22. Qb2 {[%clk 1:08:41]} Qg5
{[%clk 0:58:53]} 23. Bd3 {[%clk 0:59:59]} Bf5 {[%clk 0:57:51]} 24. Be2
{[%clk 0:55:47]} Bg4 {[%clk 0:47:20]} 25. Bxg4 {[%clk 0:44:41]} Qxg4
{[%clk 0:47:41]} 26. Rac1 {[%clk 0:42:58]} Re6 {[%clk 0:45:59]} 27. Rfe1
{[%clk 0:38:39]} Nc4 {[%clk 0:35:52]} 28. Qa2 {[%clk 0:31:53]} Rh6
{[%clk 0:34:49]} 29. a4 {[%clk 0:31:24]} Qh5 {[%clk 0:33:25]} 30. f3
{[%clk 0:31:32]} Qh2+ {[%clk 0:32:52]} 31. Kf2 {[%clk 0:29:52]} Rh3
{[%clk 0:33:08]} 32. Rg1 {[%clk 0:21:10]} Qxg3+ {[%clk 0:32:28]} 33. Kf1
{[%clk 0:20:56]} Rh4 {[%clk 0:29:16]} 34. Qf2 {[%clk 0:18:03]} Qg5
{[%clk 0:29:00]} 35. Re1 {[%clk 0:15:04]} Rh6 {[%clk 0:20:12]} 36. f4
{[%clk 0:13:05]} Qf5 {[%clk 0:18:57]} 37. Rd1 {[%clk 0:10:24]} Rg6
{[%clk 0:15:32]} 38. Qe2 {[%clk 0:08:24]} Re8 {[%clk 0:13:57]} 39. Qd3
{[%clk 0:07:26]} Qg4 {[%clk 0:12:26]} 40. Re1 {[%clk 0:07:20]} Re4
{[%clk 0:05:28]} 41. Re2 {[%clk 0:05:30]} Rge6 {[%clk 0:02:41]} 42. Rh1
{[%clk 0:03:03]} Qg6 {[%clk 0:01:24]} 43. Qc3 {[%clk 0:00:55]} Qg4
{[%clk 0:01:00]} 44. Rh3 {[%clk 0:30:55]} Rxf4+ {[%clk 0:30:57]} 45. Ke1
{[%clk 0:29:58]} Rfe4 {[%clk 0:27:10]} 46. Kf2 {[%clk 0:29:44]} Rg6
{[%clk 0:25:47]} 47. Kf1 {[%clk 0:29:26]} Qg5 {[%clk 0:24:58]} 48. Rf2
{[%clk 0:28:41]} Rh6 {[%clk 0:24:52]} 49. Rff3 {[%clk 0:25:32]} Rxh3
{[%clk 0:24:52]} 50. Rxh3 {[%clk 0:25:41]} Rh4 {[%clk 0:22:12]} 51. Rxh4
{[%clk 0:23:47]} Qxh4 {[%clk 0:22:36]} 52. Bxa7 {[%clk 0:23:20]} Nd6
{[%clk 0:19:19]} 53. Qe1 {[%clk 0:18:37]} Qh1+ {[%clk 0:19:34]} 54. Ke2
{[%clk 0:18:18]} Qxg2+ {[%clk 0:19:58]} 55. Qf2 {[%clk 0:18:35]} Qg4+
{[%clk 0:20:14]} 56. Qf3 {[%clk 0:18:12]} Qxb4 {[%clk 0:20:27]} 57. Bd4
{[%clk 0:18:15]} Qc4+ {[%clk 0:20:31]} 58. Ke1 {[%clk 0:18:17]} Qc1+
{[%clk 0:20:12]} 59. Kf2 {[%clk 0:17:13]} Ne4+ {[%clk 0:20:18]} 60. Kg2
{[%clk 0:17:33]} Qd2+ {[%clk 0:20:40]} 61. Kg1 {[%clk 0:17:42]} Qe1+
{[%clk 0:20:00]} 62. Kg2 {[%clk 0:16:49]} Qh4 {[%clk 0:20:14]} 63. a5
{[%clk 0:15:29]} Qg5+ {[%clk 0:20:36]} 64. Kh2 {[%clk 0:15:38]} Nd6
{[%clk 0:18:50]} 65. Qf4 {[%clk 0:14:00]} Qxf4+ {[%clk 0:19:08]} 66. exf4
{[%clk 0:14:15]} Ne4 {[%clk 0:19:16]} 67. Kg2 {[%clk 0:14:34]} c5
{[%clk 0:19:39]} 68. Be5 {[%clk 0:14:58]} f6 {[%clk 0:19:57]} 69. Ba1
{[%clk 0:15:08]} Kf7 {[%clk 0:20:15]} 70. f5 {[%clk 0:15:06]} g6 {[%clk 0:20:41]}
71. fxg6+ {[%clk 0:15:24]} Kxg6 {[%clk 0:21:10]} 72. Kf3 {[%clk 0:15:51]} Kf5
{[%clk 0:21:32]} 73. Ke3 {[%clk 0:16:14]} Kg4 {[%clk 0:21:40]} 74. Bb2
{[%clk 0:16:26]} f5 {[%clk 0:22:05]} 75. Be5 {[%clk 0:16:48]} Ng5
{[%clk 0:20:38]} 76. Bd6 {[%clk 0:17:02]} Ne6 {[%clk 0:21:05]} 77. Be5
{[%clk 0:15:54]} f4+ {[%clk 0:21:17]} 78. Kf2 {[%clk 0:15:58]} Kf5
{[%clk 0:21:43]} 79. Bd6 {[%clk 0:16:22]} Ke4 {[%clk 0:22:09]} 80. Be7
{[%clk 0:16:43]} d4 {[%clk 0:22:22]} 81. Bf6 {[%clk 0:17:07]} c4 {[%clk 0:22:37]}
82. Ke2 {[%clk 0:17:25]} c3 {[%clk 0:22:31]} 83. Bh4 {[%clk 0:14:15]} d3+
{[%clk 0:22:09]} 84. Kd1 {[%clk 0:13:27]} Nd4 {[%clk 0:22:24]} 85. Bf2
{[%clk 0:13:47]} c2+ {[%clk 0:22:49]} 86. Kd2 {[%clk 0:13:10]} Nb3+
{[%clk 0:23:15]} 0-1

[Event "WCO2014"]
[Site "Tromso"]
[Date "2014.08.03"]
[Round "2.27"]
[WhiteID "9900888"]
[White "Methmali Y."]
[BlackID "8700591"]
[Black "Mbatha Constance"]
[Result "1/2-1/2"]
[LiveChessVersion "1.4.3"]
[BlackElo "1677"]
[WhiteElo "1727"]

1. e4 {[%clk 1:30:57]} e5 {[%clk 1:30:52]} 2. Nf3 {[%clk 1:31:25]} Nc6
{[%clk 1:31:17]} 3. Nc3 {[%clk 1:31:51]} d6 {[%clk 1:31:33]} 4. Bb5
{[%clk 1:28:26]} Bd7 {[%clk 1:30:33]} 5. O-O {[%clk 1:27:00]} Nf6
{[%clk 1:30:39]} 6. d4 {[%clk 1:24:23]} exd4 {[%clk 1:25:56]} 7. Nxd4
{[%clk 1:23:54]} Nxd4 {[%clk 1:24:04]} 8. Bxd7+ {[%clk 1:19:31]} Qxd7
{[%clk 1:23:36]} 9. Qxd4 {[%clk 1:19:58]} Be7 {[%clk 1:23:39]} 10. Bf4
{[%clk 1:07:12]} O-O {[%clk 1:22:46]} 11. Rad1 {[%clk 1:06:29]} Nh5
{[%clk 1:19:01]} 12. Bc1 {[%clk 1:01:45]} b6 {[%clk 1:12:11]} 13. e5
{[%clk 0:58:21]} g6 {[%clk 1:07:45]} 14. Nd5 {[%clk 0:34:36]} Ng7
{[%clk 1:02:19]} 15. Nxe7+ {[%clk 0:32:18]} Qxe7 {[%clk 1:02:06]} 16. exd6
{[%clk 0:32:11]} cxd6 {[%clk 1:02:34]} 17. Qxd6 {[%clk 0:27:00]} Qxd6
{[%clk 1:02:22]} 18. Rxd6 {[%clk 0:27:27]} Rfd8 {[%clk 1:02:03]} 19. Rfd1
{[%clk 0:27:03]} Ne6 {[%clk 0:59:45]} 20. g3 {[%clk 0:26:03]} Kf8
{[%clk 0:53:19]} 21. b3 {[%clk 0:23:15]} Ke8 {[%clk 0:49:38]} 22. c4
{[%clk 0:22:52]} Rxd6 {[%clk 0:48:14]} 23. Rxd6 {[%clk 0:23:19]} Ke7
{[%clk 0:48:12]} 24. Ba3 {[%clk 0:23:08]} Ke8 {[%clk 0:46:51]} 25. Rd2
{[%clk 0:22:22]} Rc8 {[%clk 0:47:11]} 26. Kg2 {[%clk 0:20:44]} Rd8
{[%clk 0:45:18]} 27. Re2 {[%clk 0:19:45]} Rd3 {[%clk 0:45:05]} 28. c5
{[%clk 0:17:30]} Kd7 {[%clk 0:45:05]} 29. cxb6 {[%clk 0:17:16]} axb6
{[%clk 0:45:34]} 30. Bb4 {[%clk 0:16:23]} Kc6 {[%clk 0:42:37]} 31. Rd2
{[%clk 0:14:32]} Rd4 {[%clk 0:35:02]} 32. a3 {[%clk 0:12:26]} b5 {[%clk 0:35:02]}
33. Bc3 {[%clk 0:09:55]} Rxd2 {[%clk 0:31:06]} 34. Bxd2 {[%clk 0:10:23]} Kd5
{[%clk 0:31:34]} 35. Be3 {[%clk 0:09:16]} f5 {[%clk 0:31:43]} 36. a4
{[%clk 0:08:53]} bxa4 {[%clk 0:27:08]} 37. bxa4 {[%clk 0:09:21]} Kc4
{[%clk 0:27:10]} 38. a5 {[%clk 0:09:23]} Kb5 {[%clk 0:26:52]} 39. Bb6
{[%clk 0:09:32]} Ng5 {[%clk 0:26:33]} 40. f3 {[%clk 0:09:20]} Nf7
{[%clk 0:26:38]} 41. Kf2 {[%clk 0:09:30]} Ne5 {[%clk 0:26:39]} 42. Ke3
{[%clk 0:07:26]} Nc4+ {[%clk 0:26:56]} 43. Kf4 {[%clk 0:07:19]} Nd2
{[%clk 0:25:31]} 44. h4 {[%clk 0:01:47]} h6 {[%clk 0:25:43]} 45. g4
{[%clk 0:00:39]} fxg4 {[%clk 0:24:50]} 46. fxg4 {[%clk 0:30:02]} Nc4
{[%clk 0:55:09]} 47. h5 {[%clk 0:18:38]} gxh5 {[%clk 0:52:02]} 48. gxh5
{[%clk 0:19:04]} Nd6 {[%clk 0:51:19]} 49. Ke5 {[%clk 0:17:35]} Ne8
{[%clk 0:51:15]} 50. Kf5 {[%clk 0:15:40]} Ng7+ {[%clk 0:50:51]} 51. Kg6
{[%clk 0:15:57]} Nxh5 {[%clk 0:51:08]} 52. Kxh5 {[%clk 0:16:25]} Ka6
{[%clk 0:51:25]} 53. Kxh6 {[%clk 0:16:50]} Kb7 {[%clk 0:51:23]} 54. Kg7
{[%clk 0:17:03]} Ka6 {[%clk 0:51:15]} 55. Kf7 {[%clk 0:17:13]} Kb7
{[%clk 0:51:43]} 56. Ke7 {[%clk 0:17:31]} Ka6 {[%clk 0:52:01]} 57. Kd7
{[%clk 0:17:34]} Kb7 {[%clk 0:52:29]} 58. Kd6 {[%clk 0:17:33]} Kb8
{[%clk 0:52:32]} 59. Kc6 {[%clk 0:15:36]} Ka8 {[%clk 0:52:57]} 60. Bd8
{[%clk 0:11:09]} Ka7 {[%clk 0:53:20]} 61. Kc7 {[%clk 0:10:43]} Ka8
{[%clk 0:53:40]} 62. Kb6 {[%clk 0:09:29]} Kb8 {[%clk 0:54:07]} 63. Kc6
{[%clk 0:09:06]} Ka7 {[%clk 0:54:19]} 64. Kc7 {[%clk 0:08:21]} Ka8
{[%clk 0:54:37]} 1/2-1/2

[Event "WCO2014"]
[Site "Tromso"]
[Date "2014.08.03"]
[Round "2.25"]
[WhiteID "9902759"]
[White "Thilakawardana Supeshala"]
[BlackID "8700702"]
[Black "Saina Yvonne"]
[Result "1-0"]
[LiveChessVersion "1.4.3"]
[BlackElo "1752"]
[WhiteElo "1729"]

1. d4 {[%clk 1:30:58]} Nf6 {[%clk 1:30:51]} 2. Nf3 {[%clk 1:31:17]} e6
{[%clk 1:31:08]} 3. Nbd2 {[%clk 1:30:28]} b6 {[%clk 1:31:09]} 4. e4
{[%clk 1:30:23]} d5 {[%clk 1:27:57]} 5. e5 {[%clk 1:27:08]} Nfd7 {[%clk 1:27:43]}
6. Bd3 {[%clk 1:25:06]} Be7 {[%clk 1:27:55]} 7. O-O {[%clk 1:21:24]} O-O
{[%clk 1:28:19]} 8. Re1 {[%clk 1:21:33]} Ba6 {[%clk 1:26:16]} 9. Nf1
{[%clk 1:18:41]} c5 {[%clk 1:25:06]} 10. c3 {[%clk 1:15:44]} Re8 {[%clk 1:22:38]}
11. Re3 {[%clk 1:07:03]} Bxd3 {[%clk 1:22:12]} 12. Qxd3 {[%clk 1:06:31]} c4
{[%clk 1:22:01]} 13. Qe2 {[%clk 1:05:08]} Nf8 {[%clk 1:21:59]} 14. Ne1
{[%clk 1:01:42]} Ng6 {[%clk 1:15:17]} 15. Rh3 {[%clk 0:59:04]} Nd7
{[%clk 1:07:18]} 16. Ng3 {[%clk 0:53:14]} Ndf8 {[%clk 1:06:02]} 17. Nh5
{[%clk 0:46:22]} Nh4 {[%clk 0:48:06]} 18. Qg4 {[%clk 0:42:06]} Nf5
{[%clk 0:39:05]} 19. Nf3 {[%clk 0:34:34]} f6 {[%clk 0:28:55]} 20. exf6
{[%clk 0:21:03]} Bxf6 {[%clk 0:28:39]} 21. Nxf6+ {[%clk 0:20:17]} Qxf6
{[%clk 0:28:37]} 22. Bg5 {[%clk 0:20:25]} Qf7 {[%clk 0:26:08]} 23. Ne5
{[%clk 0:20:24]} Qc7 {[%clk 0:21:25]} 24. Bf4 {[%clk 0:20:21]} Qe7
{[%clk 0:20:51]} 25. Re1 {[%clk 0:18:15]} b5 26. Qh5 {[%clk 0:16:31]} a6
{[%clk 0:11:44]} 27. Bg5 {[%clk 0:13:23]} Qb7 {[%clk 0:10:36]} 28. Qf3
{[%clk 0:11:27]} b4 {[%clk 0:09:27]} 29. g4 {[%clk 0:10:21]} Nd6 {[%clk 0:06:31]}
30. Bf4 {[%clk 0:09:56]} bxc3 {[%clk 0:05:37]} 31. bxc3 {[%clk 0:10:12]} Ne4
{[%clk 0:05:50]} 32. Nxc4 {[%clk 0:10:08]} Nxc3 {[%clk 0:03:49]} 33. Nd6
{[%clk 0:10:00]} Qb2 {[%clk 0:02:43]} 34. Nxe8 {[%clk 0:10:14]} Nb5
{[%clk 0:01:29]} 35. Be5 {[%clk 0:09:11]} Rxe8 {[%clk 0:01:07]} 36. Qb3
{[%clk 0:09:15]} 1-0

[Event "WCO2014"]
[Site "Tromso"]
[Date "2014.08.03"]
[Round "2.5"]
[WhiteID "7700466"]
[White "Smith Javanna"]
[BlackID "16600215"]
[Black "Parrado Angelica"]
[Result "1-0"]
[LiveChessVersion "1.4.3"]
[BlackElo "1628"]
[WhiteElo "1747"]

1. e4 {[%clk 1:30:58]} g6 {[%clk 1:30:46]} 2. d4 {[%clk 1:30:41]} Bg7
{[%clk 1:31:05]} 3. Bc4 {[%clk 1:30:22]} e6 {[%clk 1:29:15]} 4. Nf3
{[%clk 1:30:34]} d6 {[%clk 1:28:36]} 5. Nc3 {[%clk 1:26:19]} c6 {[%clk 1:27:58]}
6. Bb3 {[%clk 1:26:26]} Nh6 {[%clk 1:27:26]} 7. h3 {[%clk 1:26:24]} O-O
{[%clk 1:23:15]} 8. g4 {[%clk 1:24:07]} f6 {[%clk 1:17:50]} 9. Be3
{[%clk 1:22:45]} a5 {[%clk 1:12:50]} 10. Qd2 {[%clk 1:21:34]} b5 {[%clk 1:12:34]}
11. a3 {[%clk 1:18:52]} Qe7 {[%clk 1:08:03]} 12. Bxh6 {[%clk 1:18:40]} Bb7
{[%clk 1:01:37]} 13. Bxg7 {[%clk 1:18:45]} Kxg7 {[%clk 1:00:43]} 14. Ne2
{[%clk 1:15:14]} c5 {[%clk 0:57:54]} 15. Ng3 {[%clk 1:05:49]} c4 {[%clk 0:57:04]}
16. Ba2 {[%clk 1:06:11]} d5 {[%clk 0:53:30]} 17. e5 {[%clk 1:05:00]} Nd7
{[%clk 0:53:05]} 18. Qe3 {[%clk 1:03:33]} b4 {[%clk 0:51:49]} 19. h4
{[%clk 1:00:34]} a4 {[%clk 0:37:36]} 20. h5 {[%clk 0:58:19]} g5 {[%clk 0:35:11]}
21. exf6+ {[%clk 0:58:31]} Qxf6 {[%clk 0:30:44]} 22. Qxg5+ {[%clk 0:56:42]} Qxg5
{[%clk 0:30:07]} 23. Nxg5 {[%clk 0:57:06]} Rf6 {[%clk 0:28:27]} 24. axb4
{[%clk 0:56:35]} e5 {[%clk 0:27:57]} 25. Nf5+ {[%clk 0:54:28]} Kh8
{[%clk 0:26:44]} 26. Nd6 {[%clk 0:52:00]} h6 {[%clk 0:20:13]} 27. Ngf7+
{[%clk 0:49:23]} Kg7 {[%clk 0:19:21]} 28. dxe5 {[%clk 0:49:45]} Nxe5
{[%clk 0:18:10]} 29. Nxe5 {[%clk 0:49:56]} Rxd6 {[%clk 0:18:05]} 30. O-O-O
{[%clk 0:49:28]} a3 {[%clk 0:17:43]} 31. Rhe1 {[%clk 0:47:18]} axb2+
{[%clk 0:17:23]} 32. Kxb2 {[%clk 0:46:56]} Rda6 {[%clk 0:14:31]} 33. Bb1
{[%clk 0:46:33]} Ra3 {[%clk 0:13:13]} 34. Nxc4 {[%clk 0:41:57]} dxc4
{[%clk 0:11:29]} 35. Re7+ {[%clk 0:42:08]} Kf6 {[%clk 0:11:17]} 36. Rxb7
{[%clk 0:42:33]} Kg5 {[%clk 0:09:58]} 37. Rg7+ {[%clk 0:42:29]} Kf6
{[%clk 0:09:41]} 38. Rg6+ {[%clk 0:42:57]} Ke5 {[%clk 0:09:08]} 39. f4+
{[%clk 0:42:37]} Kxf4 {[%clk 0:08:53]} 40. Rd4+ {[%clk 0:42:49]} Ke3
{[%clk 0:08:15]} 41. Rxc4 {[%clk 0:43:06]} R3a6 {[%clk 0:06:54]} 42. Rcc6
{[%clk 0:42:23]} Rxc6 {[%clk 0:06:53]} 43. Rxc6 {[%clk 0:42:51]} Rh8
{[%clk 0:06:17]} 44. c4 {[%clk 0:43:01]} Kf4 {[%clk 0:06:40]} 45. Bf5
{[%clk 0:43:26]} Ke5 {[%clk 0:06:26]} 46. Re6+ {[%clk 0:43:50]} Kf4
{[%clk 0:05:50]} 47. b5 {[%clk 0:44:15]} Rd8 {[%clk 0:05:11]} 48. b6
{[%clk 0:44:18]} Rd2+ {[%clk 0:05:10]} 49. Kc3 {[%clk 0:44:39]} 1-0

[Event "WCO2014"]
[Site "Tromso"]
[Date "2014.08.03"]
[Round "2.6"]
[WhiteID "16600355"]
[White "Mission Baby Edna"]
[BlackID "7700598"]
[Black "Soondarsingh Aditi"]
[Result "0-1"]
[LiveChessVersion "1.4.3"]
[BlackElo "1747"]
[WhiteElo "1546"]

1. d4 {[%clk 1:30:52]} d5 {[%clk 1:30:54]} 2. Nf3 {[%clk 1:31:01]} c6
{[%clk 1:31:17]} 3. Bf4 {[%clk 1:30:58]} Nf6 {[%clk 1:29:59]} 4. h3
{[%clk 1:30:46]} e6 {[%clk 1:30:16]} 5. c3 {[%clk 1:30:42]} Bd6 {[%clk 1:26:42]}
6. Qd2 {[%clk 1:29:26]} O-O {[%clk 1:26:24]} 7. Bxd6 {[%clk 1:29:21]} Qxd6
{[%clk 1:26:38]} 8. e3 {[%clk 1:29:35]} Nbd7 {[%clk 1:26:55]} 9. Qc2
{[%clk 1:28:44]} Re8 {[%clk 1:27:00]} 10. Bd3 {[%clk 1:28:50]} e5
{[%clk 1:26:48]} 11. Ng5 {[%clk 1:26:48]} e4 {[%clk 1:27:06]} 12. Be2
{[%clk 1:22:30]} h6 {[%clk 1:27:06]} 13. h4 {[%clk 1:21:18]} hxg5
{[%clk 1:27:14]} 14. hxg5 {[%clk 1:20:47]} Nh7 {[%clk 1:27:27]} 15. Nd2
{[%clk 1:20:25]} Nxg5 {[%clk 1:27:29]} 16. O-O-O {[%clk 1:19:37]} Nf6
{[%clk 1:26:45]} 17. f3 {[%clk 1:16:19]} Bf5 {[%clk 1:25:49]} 18. f4
{[%clk 1:14:04]} Ne6 {[%clk 1:24:55]} 19. Rdg1 {[%clk 1:09:24]} Bg4
{[%clk 1:24:40]} 20. Nf1 {[%clk 1:05:24]} b5 {[%clk 1:24:23]} 21. b4
{[%clk 1:00:21]} a5 {[%clk 1:24:44]} 22. a3 axb4 {[%clk 1:21:46]} 23. cxb4
{[%clk 0:56:24]} Rxa3 {[%clk 1:21:44]} 24. Rh4 {[%clk 0:51:29]} Qxb4
{[%clk 1:20:49]} 25. Bxg4 {[%clk 0:50:41]} Ra1+ {[%clk 1:21:04]} 0-1

[Event "WCO2014"]
[Site "Tromso"]
[Date "2014.08.03"]
[Round "2.7"]
[WhiteID "7701128"]
[White "Johnson Gabriella"]
[BlackID "16600495"]
[Black "Paloma Gladys Anne"]
[Result "1-0"]
[LiveChessVersion "1.4.3"]
[BlackElo "1472"]
[WhiteElo "1634"]

1. e4 {[%clk 1:30:56]} e5 {[%clk 1:30:49]} 2. Nf3 {[%clk 1:31:18]} Nc6
{[%clk 1:30:48]} 3. Bc4 {[%clk 1:31:20]} Be7 {[%clk 1:30:25]} 4. c3
{[%clk 1:31:28]} d6 {[%clk 1:30:21]} 5. d4 {[%clk 1:30:33]} Bf6 {[%clk 1:29:40]}
6. Be3 {[%clk 1:29:56]} h6 {[%clk 1:25:16]} 7. h3 {[%clk 1:28:17]} Nge7
{[%clk 1:22:00]} 8. Nbd2 {[%clk 1:25:57]} d5 {[%clk 1:20:42]} 9. exd5
{[%clk 1:20:22]} Nxd5 {[%clk 1:18:55]} 10. Ne4 {[%clk 1:15:29]} Be6
{[%clk 1:06:20]} 11. Bb3 {[%clk 1:13:09]} b6 {[%clk 1:04:25]} 12. Ba4
{[%clk 1:08:41]} Bd7 {[%clk 1:00:41]} 13. dxe5 {[%clk 0:54:30]} Nxe3
{[%clk 0:50:58]} 14. fxe3 {[%clk 0:53:24]} Bxe5 {[%clk 0:41:26]} 15. Qd5
{[%clk 0:52:34]} O-O {[%clk 0:30:03]} 16. Bxc6 {[%clk 0:50:29]} Bxc6
{[%clk 0:29:34]} 17. Qxc6 {[%clk 0:50:21]} Re8 {[%clk 0:24:57]} 18. O-O
{[%clk 0:48:56]} f5 {[%clk 0:23:08]} 19. Nxe5 {[%clk 0:44:19]} Rxe5
{[%clk 0:21:23]} 20. Ng3 {[%clk 0:39:08]} Rc8 {[%clk 0:17:52]} 21. Nxf5
{[%clk 0:38:45]} Qd3 {[%clk 0:14:04]} 22. Qg6 {[%clk 0:38:03]} Rxf5
{[%clk 0:11:27]} 23. Qxf5 {[%clk 0:38:07]} Qxe3+ {[%clk 0:11:25]} 24. Kh1
{[%clk 0:38:24]} Re8 {[%clk 0:10:45]} 25. Rf3 {[%clk 0:37:12]} Qe2
{[%clk 0:09:11]} 26. Raf1 {[%clk 0:37:07]} Re5 {[%clk 0:08:06]} 27. Qg6
{[%clk 0:36:02]} Rg5 {[%clk 0:08:13]} 28. Rf8# 1-0

[Event "WCO2014"]
[Site "Tromso"]
[Date "2014.08.03"]
[Round "2.8"]
[WhiteID "16600444"]
[White "Sisior Destiny"]
[BlackID "7702442"]
[Black "Rahaman Najarah"]
[Result "0-1"]
[LiveChessVersion "1.4.3"]
[BlackElo "1478"]
[WhiteElo "1536"]

1. e4 {[%clk 1:30:55]} c5 {[%clk 1:30:46]} 2. Nc3 d6 {[%clk 1:30:52]} 3. h3
{[%clk 1:29:59]} Nf6 {[%clk 1:30:52]} 4. Bc4 {[%clk 1:30:15]} g6 {[%clk 1:30:52]}
5. Nf3 {[%clk 1:30:28]} Bg7 {[%clk 1:30:56]} 6. O-O {[%clk 1:30:17]} O-O
{[%clk 1:31:15]} 7. d3 {[%clk 1:30:16]} Nc6 {[%clk 1:31:25]} 8. Be3
{[%clk 1:30:19]} Bd7 {[%clk 1:30:14]} 9. Qd2 {[%clk 1:30:30]} a6 {[%clk 1:27:13]}
10. Bh6 {[%clk 1:30:37]} b5 {[%clk 1:22:40]} 11. Bb3 {[%clk 1:30:23]} Re8
{[%clk 1:19:05]} 12. Bxg7 {[%clk 1:28:28]} Kxg7 {[%clk 1:19:22]} 13. Ng5 e6
{[%clk 1:17:42]} 14. Qf4 {[%clk 1:28:32]} Bc8 {[%clk 1:17:02]} 15. Qh4
{[%clk 1:28:44]} Nd4 {[%clk 1:14:56]} 16. Qg3 {[%clk 1:28:28]} b4
{[%clk 1:14:09]} 17. Nd5 {[%clk 1:28:31]} Ne2+ 18. Kh2 {[%clk 1:28:33]} Nxg3
{[%clk 1:14:16]} 19. Kxg3 {[%clk 1:28:52]} Nxd5 {[%clk 1:13:45]} 20. exd5
{[%clk 1:29:00]} Qxg5+ {[%clk 1:13:28]} 21. Kh2 {[%clk 1:29:06]} Bb7
{[%clk 1:12:59]} 22. Rfe1 {[%clk 1:27:48]} exd5 {[%clk 1:12:59]} 23. Rxe8
{[%clk 1:27:27]} d4 {[%clk 1:12:26]} 24. Rxa8 {[%clk 1:27:38]} Qxg2# 0-1

[Event "WCO2014"]
[Site "Tromso"]
[Date "2014.08.03"]
[Round "2.1"]
[WhiteID "6200117"]
[White "Taweesupmun Chanida"]
[BlackID "7001800"]
[Black "Hashimoto Azumi"]
[Result "0-1"]
[LiveChessVersion "1.4.3"]
[BlackElo "1712"]
[WhiteElo "1838"]

1. d4 {[%clk 1:30:56]} f5 {[%clk 1:30:55]} 2. Nf3 {[%clk 1:31:06]} Nf6
{[%clk 1:31:19]} 3. c4 {[%clk 1:31:21]} g6 {[%clk 1:31:41]} 4. g3
{[%clk 1:31:31]} Bg7 {[%clk 1:32:06]} 5. Bg2 {[%clk 1:31:50]} O-O
{[%clk 1:32:29]} 6. Nc3 {[%clk 1:31:47]} d6 {[%clk 1:32:25]} 7. d5
{[%clk 1:30:38]} c6 {[%clk 1:24:11]} 8. Nd4 {[%clk 1:29:48]} Bd7 {[%clk 1:17:51]}
9. O-O {[%clk 1:29:14]} Qc7 {[%clk 1:13:05]} 10. e3 {[%clk 1:22:00]} Na6
{[%clk 1:11:04]} 11. Bd2 {[%clk 1:19:43]} Rac8 {[%clk 1:06:44]} 12. a3
{[%clk 1:18:12]} Nc5 {[%clk 1:03:49]} 13. Qc2 {[%clk 1:18:23]} e5
{[%clk 1:02:54]} 14. Nb3 {[%clk 1:13:44]} Nce4 {[%clk 0:55:54]} 15. Nxe4
{[%clk 1:12:37]} Nxe4 {[%clk 0:56:09]} 16. Bxe4 {[%clk 1:12:44]} fxe4
{[%clk 0:56:32]} 17. Qxe4 {[%clk 1:12:38]} Bh3 {[%clk 0:56:52]} 18. Rfe1
{[%clk 1:10:10]} Qf7 {[%clk 0:56:49]} 19. f4 {[%clk 1:08:19]} exf4
{[%clk 0:54:28]} 20. exf4 {[%clk 1:08:27]} Bxb2 {[%clk 0:54:14]} 21. Ra2
{[%clk 1:06:45]} Rce8 {[%clk 0:53:32]} 22. Qf3 {[%clk 1:05:15]} Qf6
{[%clk 0:44:11]} 23. g4 {[%clk 1:02:57]} Qh4 {[%clk 0:33:07]} 24. Rxe8
{[%clk 1:00:07]} Rxe8 {[%clk 0:33:26]} 25. Qg3 {[%clk 0:54:37]} Qxg3+
{[%clk 0:31:27]} 26. hxg3 {[%clk 0:55:04]} Bg7 {[%clk 0:31:47]} 27. Kf2
{[%clk 0:49:46]} Bxg4 {[%clk 0:31:58]} 28. Be3 {[%clk 0:49:36]} c5
{[%clk 0:29:47]} 29. a4 {[%clk 0:48:08]} Bd1 {[%clk 0:29:00]} 30. Na5
{[%clk 0:36:17]} Re7 {[%clk 0:28:41]} 31. Ra3 {[%clk 0:33:53]} Bb2
{[%clk 0:28:05]} 32. Rd3 {[%clk 0:27:16]} Bxa4 {[%clk 0:26:03]} 33. f5
{[%clk 0:23:13]} gxf5 {[%clk 0:25:15]} 34. Bf4 {[%clk 0:23:22]} Bd4+
{[%clk 0:23:23]} 35. Kf1 {[%clk 0:20:34]} Rd7 {[%clk 0:22:26]} 36. Nb3
{[%clk 0:15:29]} b5 {[%clk 0:22:03]} 37. Nxd4 {[%clk 0:14:59]} cxd4
{[%clk 0:19:30]} 38. Rxd4 {[%clk 0:13:58]} bxc4 {[%clk 0:19:30]} 39. Ke1
{[%clk 0:13:32]} Bb3 {[%clk 0:19:46]} 40. Kd2 {[%clk 0:13:46]} a5
{[%clk 0:19:49]} 41. Kc3 {[%clk 0:13:41]} Kf7 {[%clk 0:18:37]} 42. Rd2
{[%clk 0:13:53]} Ke7 {[%clk 0:18:08]} 43. Rh2 {[%clk 0:13:45]} Kd8
{[%clk 0:18:19]} 44. Rh6 {[%clk 0:13:28]} Kc7 {[%clk 0:18:12]} 45. Rf6
{[%clk 0:12:31]} a4 {[%clk 0:17:18]} 46. Rxf5 {[%clk 0:11:39]} a3
{[%clk 0:17:09]} 47. Rf8 {[%clk 0:09:29]} a2 {[%clk 0:16:22]} 48. Ra8
{[%clk 0:08:05]} Kb7 {[%clk 0:16:25]} 49. Ra5 {[%clk 0:07:47]} Kb6
{[%clk 0:15:59]} 50. Ra8 {[%clk 0:07:35]} Kb7 {[%clk 0:14:51]} 51. Ra5
{[%clk 0:08:01]} Re7 {[%clk 0:14:41]} 52. Kd2 {[%clk 0:01:10]} Re4
{[%clk 0:11:43]} 53. Bxd6 {[%clk 0:24:57]} Kb6 {[%clk 0:41:00]} 54. Bb4
{[%clk 0:23:24]} Rd4+ {[%clk 0:40:59]} 55. Ke2 {[%clk 0:22:43]} Rd1
{[%clk 0:40:56]} 56. Bc3 {[%clk 0:22:49]} Rc1 {[%clk 0:40:15]} 0-1